International Swedish Artists - Statistics

General Stats
  • This quiz has been taken 351 times
  • The average score is 7 of 18
Answer Stats
Hint Answer % Correct
Fernando ABBA
88%
The final countdown Europe
82%
Euphoria Loreen
73%
It must have been love Roxette
62%
Wake me up! Avicii
61%
All that she wants Ace of Base
52%
Cotton Eye Joe Rednex
49%
Lovefool The Cardigans
48%
What's in it for me? Amy Diamond
42%
Release me Agnes
37%
Crying at the discoteque Alcazar
29%
Call on me Eric Prydz
28%
It's my life Dr. Alban
27%
One Swedish House Mafia
20%
Crucified Army of Lovers
19%
Satellites September
17%
Here we go Stakka Bo
9%
Open sesame Leila K
6%
No matching quizzes found
Score Distribution
Percent of People with Each Score
Percentile by Number Answered
Your Score History
You have not taken this quiz